000 00310 a2200145 4500
001 165472
020 _a
040 _cMagnum
100 _aFux, Maria
240 1 0 _aFormacao em dancaterapia
_lpor
245 1 0 _aFormacao em dancaterapia
362 0 _a1899
697 _aCIENCIAS MEDICAS SAUDE
942 _cBK
999 _c165472
_d165472